After doomsday /

Na minha lista:
Detalhes bibliográficos
Autor principal: Anderson, Poul, 1926-
Formato: Livro
Idioma:English
Publicado em: London : White Lion Publishers, 1975.
Assuntos:
LEADER 00948nam a2200253 i 4500
001 c000078866
003 CARM
005 00000000000000.0
008 750620r19751962enk 00011 eng d
015 |a B7514387 
019 1 |a 3567940  |5 LACONCORD2021 
020 |a 0856178071 :  |c L.2.50 
035 |a (OCoLC)5033703  |5 LACONCORD2021 
100 1 |a Anderson, Poul,  |d 1926- 
245 1 0 |a After doomsday /  |c by Poul Anderson. 
260 |a London :  |b White Lion Publishers,  |c 1975. 
300 |a 160 p. ;  |c 21cm. 
500 |a Fiction in English, 1900-. Texts (BNB/PRECIS) 
500 |a Originally published: New York : Ballantine, 1962 ; London : Gollancz, 1963. 
650 0 |a English fiction. 
852 8 |b CARM  |h A2:AE36H0  |i A01001  |p 0109154  |f BK 
082 0 4 |a 823/.9/1  |2 18 
999 f f |i 841ad1a2-1aaa-56e9-a719-26f794d65de7  |s 7bcdc0ae-079a-5567-a9e8-2a6633c40bd0 
952 f f |p Can circulate  |a CAVAL  |b CAVAL  |c CAVAL  |d CARM 1 Store  |e A01001  |f A2:AE36H0  |h Other scheme  |i book  |m 0109154